[Event "POLFINAL MISTRZOSTW POLSKI JUNIOROW 2019 - C13"]
[Site "Ustron"]
[Date "1899-12-30"]
[Round "4.1"]
[White "Maslanka, Wojciech"]
[Black "Wojdak, Jan"]
[Result "0-1"]
[WhiteTitle "I"]
[BlackTitle "I++"]
[WhiteElo "1614"]
[BlackElo "2062"]

1. Nf3 d5 2. e3 c6 3. b3 Nf6 4. Bb2 e6 5. c4 Be7 6. d4 O-O 7. Bd3 Nbd7 8. O-O b6
9. Nbd2 Bb7 10. Qc2 c5 11. Rfe1 Rc8 12. Qb1 Re8 13. Ne5 cxd4 14. exd4 Bb4 15.
Re2 Bxd2 16. Rxd2 Ne4 17. Re2 Ndf6 18. Qe1 Nd6 19. Re3 Nf5 20. Bxf5 exf5 21. f3
f4 22. Re2 Nh5 23. Rc1 Ba6 24. Rec2 dxc4 25. bxc4 f6 26. Qh4 fxe5 27. Qxh5 exd4
28. Qg4 Qf6 29. Qd7 Rcd8 30. Qxa7 Bc8 31. c5 Qh4 32. Rf2 bxc5 33. Qxc5 d3 34.
Qc3 Qg5 35. Rd1 Bf5 36. Bc1 Rc8 37. Qd2 Rc4 38. Re1 Rec8 39. a3 Qd8 40. Qa2 Kh8
41. Bb2 h6 42. Qa1 Qd7 43. Rd2 Rc2 44. Red1 Rxd2 45. Rxd2 Qe7 46. Kf1 Rc2 47.
Rxc2 dxc2 48. Qc1 Bd3+ 49. Kg1 Qa7+ 50. Kh1 Qf2 51. Qg1 Qe2 52. Bc1 Qd1 53. Bxf4
Bf1 54. h3 c1=Q 55. Bxc1 Qxc1 56. a4 Qc4 57. a5 Bd3 58. Qa1 Kg8 59. Kg1 Kf7 60.
Kf2 Qc5+ 61. Kg3 h5 62. Qa2+ Bc4 63. Qd2 Ke6 64. f4 Qd5 65. Qb2 Qd3+ 66. Kh2 Kf7
67. Qb7+ Kg6 68. Qc6+ Kf5 69. Qc5+ Kxf4 70. Qf8+ Qf5 71. Qxg7 Qe5 72. g3+ Ke4
73. Qg6+ Kf3 74. Qc6+ Bd5 75. Qc2 Qxg3+ 76. Kh1 Kf4+ 0-1

[Event "POLFINAL MISTRZOSTW POLSKI JUNIOROW 2019 - C13"]
[Site "Ustron"]
[Date "1899-12-30"]
[Round "4.2"]
[White "Wieczorek, Mikolaj"]
[Black "Kusiak, Mateusz"]
[Result "1/2-1/2"]
[WhiteTitle "I"]
[BlackTitle "I"]
[WhiteElo "1792"]
[BlackElo "1597"]

1. e4 c5 2. Nf3 Nc6 3. d4 cxd4 4. Nxd4 g6 5. c4 Nf6 6. Nc3 d6 7. Be2 Nxd4 8. Qxd4
Bg7 9. Be3 O-O 10. Qd2 Be6 11. O-O Rc8 12. b3 Re8 13. Rac1 a6 14. f3 Qa5 15. Rc2
Nd7 16. Rfc1 Qb4 17. Nd5 Qxd2 18. Bxd2 Bxd5 19. cxd5 Bd4+ 20. Kf1 Rc5 21. b4 Rxc2
22. Rxc2 Bb6 23. a4 Ra8 24. a5 Bd8 25. Be3 f6 26. g3 Kf7 27. Kf2 Rb8 28. Bd2 Ra8
29. Bf1 b6 30. Bh3 Ke8 31. Bxd7+ Kxd7 32. Rc6 Rc8 33. Rxc8 Kxc8 34. f4 Kd7 35.
f5 g5 36. Kf3 h5 37. h3 bxa5 38. bxa5 Bc7 39. Ke3 Bb8 40. Kd3 Ba7 41. Be3 Bxe3
42. Kxe3 Ke8 1/2-1/2

[Event "POLFINAL MISTRZOSTW POLSKI JUNIOROW 2019 - C13"]
[Site "Ustron"]
[Date "1899-12-30"]
[Round "4.3"]
[White "Pisarek, Jan"]
[Black "Dziewonski, Dariusz"]
[Result "1-0"]
[WhiteTitle "I"]
[BlackTitle "I+"]
[WhiteElo "1534"]
[BlackElo "1868"]

1. e4 c5 2. Nf3 d6 3. d4 cxd4 4. Nxd4 Nf6 5. Nc3 g6 6. Be3 Bg7 7. f3 O-O 8. Qd2
Nc6 9. O-O-O Nxd4 10. Bxd4 Be6 11. Kb1 Qc7 12. Nd5 Bxd5 13. exd5 Rac8 14. c4 b5
15. cxb5 Nxd5 16. Bxg7 Kxg7 17. Bd3 Qc5 18. Rhe1 e6 19. Be4 Nf6 20. Bc6 d5 21.
Qd4 Qxd4 22. Rxd4 Rc7 23. a4 Rfc8 24. Rd2 Ng8 25. Rc2 Ne7 26. Rec1 Kf6 27. Bb7
Rxb7 28. Rxc8 Nxc8 29. Rxc8 Ke5 30. Kc2 Kd4 31. Kd2 h5 32. b4 e5 33. Rc6 e4 34.
fxe4 dxe4 35. Rd6+ Kc4 36. Ke3 Kb3 37. Ra6 f5 38. a5 Kxb4 39. b6 Rb8 40. Rxa7
Kb5 41. b7 Kc6 42. a6 Kb6 43. Ra8 Kc7 44. h4 1-0

[Event "POLFINAL MISTRZOSTW POLSKI JUNIOROW 2019 - C13"]
[Site "Ustron"]
[Date "1899-12-30"]
[Round "4.4"]
[White "Wieckowski, Michal"]
[Black "Nowak, Filip"]
[Result "1/2-1/2"]
[WhiteTitle "II+"]
[BlackTitle "I"]
[WhiteElo "1532"]
[BlackElo "1629"]

1. e4 c5 2. Nc3 e6 3. b3 g6 4. Bb2 Bg7 5. f4 d6 6. Nf3 Nc6 7. g3 Nge7 8. Rb1 O-O
9. Bg2 Rb8 10. a4 a6 11. Ne2 Bxb2 12. Rxb2 b5 13. axb5 axb5 14. O-O Qb6 15. Kh1
Nd4 16. c3 Nxe2 17. Qxe2 b4 18. c4 Bb7 19. Rd1 Nc6 20. Qf2 e5 21. d3 Ra8 22. g4
f6 23. f5 g5 24. Qd2 h6 25. h4 Rf7 26. h5 Bc8 27. Rdb1 Rfa7 28. Bf1 Ra3 29. Be2
R8a5 30. Bd1 Bd7 31. Kg2 Kf7 32. Kg3 Qa7 33. Kf2 Ke7 34. Kg2 Ra2 35. Bc2 Rxb2
36. Rxb2 Ra2 37. Bb1 Rxb2 38. Qxb2 Qa3 39. Qc2 Qa1 40. Qa2 Qc3 41. Qc2 Nd4 42.
Nxd4 Qxd4 43. Qf2 Qa1 44. Bc2 Qc1 1/2-1/2

[Event "POLFINAL MISTRZOSTW POLSKI JUNIOROW 2019 - C13"]
[Site "Ustron"]
[Date "1899-12-30"]
[Round "4.5"]
[White "Trzebinski, Patryk"]
[Black "Pieczulis, Hubert"]
[Result "1-0"]
[WhiteTitle "I"]
[BlackTitle "II"]
[WhiteElo "1607"]
[BlackElo "1346"]

1. e4 e6 2. d4 d5 3. Nc3 Nf6 4. e5 Nfd7 5. Nf3 c5 6. dxc5 Bxc5 7. Bd3 Nc6 8. Bf4
Qb6 9. O-O a6 10. Ng5 g6 11. Nxd5 exd5 12. e6 fxe6 13. Nxe6 Nde5 14. Bxe5 Nxe5
15. Nxc5 Qxc5 16. Re1 O-O 17. Rxe5 Rxf2 18. Kh1 Bf5 19. Bxf5 Rxf5 20. Rxf5 gxf5
21. Qd3 Rf8 22. h3 f4 23. Rd1 Rd8 24. Qf5 Qd6 25. Rd4 Qb6 26. Qg5+ Kh8 27. Qe5+
Kg8 28. Rxf4 d4 29. Rg4+ Kf8 30. Qh8+ Kf7 31. Qxh7+ Kf8 32. Rg8# 1-0

[Event "POLFINAL MISTRZOSTW POLSKI JUNIOROW 2019 - C13"]
[Site "Ustron"]
[Date "1899-12-30"]
[Round "4.6"]
[White "Goszyk, Bartosz"]
[Black "Tarawski, Adrian"]
[Result "1-0"]
[WhiteTitle "II+"]
[BlackTitle "II+"]
[WhiteElo "1605"]
[BlackElo "1431"]

1. e4 d5 2. exd5 Qd7 3. d6 Qxd6 4. Nc3 Nf6 5. d4 c6 6. Bd3 g6 7. Nge2 Qd7 8. Bf4
Qd8 9. Ne4 Nd5 10. Be5 f6 11. Bg3 Bg7 12. c3 Nd7 13. Qc2 O-O 14. O-O-O f5 15.
Nd2 Qa5 16. Kb1 e5 17. dxe5 Nxe5 18. Bxe5 Bxe5 19. Nc4 Qc7 20. Nxe5 Qxe5 21. Bc4
Be6 22. Nd4 Bf7 23. Nf3 Qf6 24. Qb3 Rad8 25. Qa3 Nxc3+ 26. Qxc3 Qxc3 27. Bxf7+
Kxf7 28. bxc3 Rfe8 29. Rxd8 Rxd8 30. Kc2 Kf6 31. Rd1 Re8 32. Rd6+ Ke7 33. Rd3
Kf6 34. Kd2 Re7 35. Rd6+ Kg7 36. Ne1 Kh6 37. Nd3 Kg5 38. Nc5 b6 39. Rd7 Re5 40.
f4+ Kxf4 41. Nd3+ 1-0

[Event "POLFINAL MISTRZOSTW POLSKI JUNIOROW 2019 - C13"]
[Site "Ustron"]
[Date "1899-12-30"]
[Round "4.7"]
[White "Czernecki, Andrzej"]
[Black "Latacz, Grzegorz"]
[Result "1-0"]
[WhiteTitle "II+"]
[BlackTitle "II"]
[WhiteElo "1569"]
[BlackElo "1367"]

1. e4 e6 2. d4 d5 3. Bd3 dxe4 4. Bxe4 Nf6 5. Bf3 c5 6. Ne2 Nc6 7. Be3 cxd4 8. Nxd4
Ne5 9. Nc3 Nxf3+ 10. Qxf3 Be7 11. O-O-O Qa5 12. Nc6 bxc6 13. Qxc6+ Nd7 14. Qxa8
O-O 15. Qxa7 Qf5 16. Rxd7 Bxd7 17. Qxd7 Bf6 18. Qd3 Qa5 19. Ne4 Be7 20. Kb1 Ra8
21. Qb3 Qe5 22. Qb7 Qa5 23. Nc3 Bf6 24. Bb6 Qa6 25. Qxa6 Rxa6 26. Be3 Ra8 27.
Ne4 Be5 28. f4 Bxf4 29. Bxf4 Ra4 30. Re1 f5 31. b3 1-0

[Event "POLFINAL MISTRZOSTW POLSKI JUNIOROW 2019 - C13"]
[Site "Ustron"]
[Date "1899-12-30"]
[Round "4.8"]
[White "Goral, Jan"]
[Black "Lakowski, Filip"]
[Result "1-0"]
[WhiteTitle "I"]
[BlackTitle "II"]
[WhiteElo "1564"]
[BlackElo "1310"]

1. d4 g6 2. Nf3 Bg7 3. g3 d6 4. Bg2 Nf6 5. O-O O-O 6. b3 Nc6 7. Bb2 Ne8 8. c4 Bd7
9. e4 e5 10. dxe5 dxe5 11. Ba3 Ne7 12. Nc3 b6 13. Qd3 Nd6 14. Bxd6 cxd6 15. Qxd6
Bc6 16. Qxd8 Raxd8 17. Nd5 Bxd5 18. cxd5 f5 19. Ng5 Rd6 20. Ne6 Rc8 21. Nxg7 Kxg7
22. f3 Rc2 23. Rfc1 Rxc1+ 24. Rxc1 Kf6 25. Rc7 a5 26. Kf2 h5 27. Ke3 g5 28. Ke2
g4 29. f4 Ng6 30. exf5 Nf8 31. Rc6 Ke7 32. fxe5 Rd7 33. f6+ Kd8 34. e6 Rb7 35.
e7+ Ke8 36. Rc8+ Kf7 37. exf8=Q+ 1-0

[Event "POLFINAL MISTRZOSTW POLSKI JUNIOROW 2019 - C13"]
[Site "Ustron"]
[Date "1899-12-30"]
[Round "4.9"]
[White "Guzik, Michal"]
[Black "Karut, Kacper"]
[Result "0-1"]
[WhiteTitle "II"]
[BlackTitle "II+"]
[WhiteElo "1104"]
[BlackElo "1536"]

1. e4 c5 2. Nf3 d6 3. d4 cxd4 4. Nxd4 Nf6 5. Nc3 Nc6 6. Be3 Ng4 7. Bg5 h6 8. Bh4
g5 9. Bg3 Bg7 10. Nxc6 bxc6 11. Bc4 Qb6 12. Bb3 Qb4 13. Qf3 O-O 14. h4 Nf6 15.
a3 Qd4 16. Rd1 Qc5 17. Qd3 a5 18. e5 dxe5 19. hxg5 Ba6 20. Qg6 Bc4 21. Bxc4 Qxc4
22. Qf5 hxg5 23. Bxe5 Qg4 24. Qxg4 Nxg4 25. Bxg7 Kxg7 26. Ne4 Kg6 27. Rh3 Rh8
28. Rxh8 Rxh8 29. Rd7 Rh1+ 30. Ke2 e6 31. Ra7 f5 32. Nc3 Rh2 33. Kf1 Rh1+ 34.
Ke2 Rh2 35. Kf1 Rh1+ 36. Ke2 Rc1 37. Kd2 Rg1 38. g3 Rg2 39. Rxa5 Rxf2+ 40. Kc1
Rg2 41. Rc5 Rxg3 42. Rxc6 Kf6 43. b4 f4 44. b5 Rg1+ 45. Kd2 Ne5 46. Rc8 Nd7 47.
Rc6 Rg2+ 48. Ke1 Ke5 49. b6 Rxc2 50. b7 Rb2 0-1

[Event "POLFINAL MISTRZOSTW POLSKI JUNIOROW 2019 - C13"]
[Site "Ustron"]
[Date "1899-12-30"]
[Round "4.10"]
[White "Halhoul, Adam"]
[Black "Szymczyk, Antoni"]
[Result "1-0"]
[WhiteTitle "II+"]
[BlackTitle "II"]
[WhiteElo "1491"]
[BlackElo "1305"]

1. d4 d6 2. c4 g6 3. e4 Bg7 4. Nc3 Nf6 5. Be2 O-O 6. Be3 Nc6 7. Nf3 e5 8. d5 Ne7
9. Nd2 Nd7 10. b4 a5 11. a3 b6 12. Rc1 f5 13. f3 f4 14. Bf2 h5 15. Nb5 Ba6 16.
c5 Bxb5 17. Bxb5 axb4 18. cxd6 cxd6 19. axb4 Nf6 20. Nc4 Nc8 21. Bc6 Rb8 22. Na3
g5 23. b5 Bh6 24. Nc2 Rf7 25. Nb4 Ne7 26. Na6 Rc8 27. Ra1 Rg7 28. Rf1 g4 29. Ra2
Bg5 30. Kd2 g3 31. Bg1 Ng6 32. h3 Nh4 33. Kc1 Ra7 34. Kb1 Nd7 35. Qb3 Kf8 36.
Rc1 Be7 37. Rac2 Nc5 38. Bxc5 dxc5 39. Ra2 Qd6 40. Nxc5 Rxa2 41. Nd7+ Kf7 42.
Qxa2 Qb4+ 43. Qb2 Qxb2+ 44. Kxb2 Nxg2 45. Nxe5+ Kg8 46. Nd3 Nh4 47. e5 g2 48.
d6 Bg5 49. Nf2 Nxf3 50. d7 Rc7 51. Ne4 Bd8 52. Nf6+ Bxf6 53. exf6 Rxd7 54. Bxf3
Rd2+ 55. Kc3 Rf2 56. Bd5+ Kh7 57. Re1 f3 58. f7 Kg7 59. Re8 g1=Q 60. Rg8+ Kh7
1-0

[Event "POLFINAL MISTRZOSTW POLSKI JUNIOROW 2019 - C13"]
[Site "Ustron"]
[Date "1899-12-30"]
[Round "4.11"]
[White "Bochenek, Ryszard"]
[Black "Rzenca, Jerzy"]
[Result "0-1"]
[WhiteTitle "II"]
[BlackTitle "II+"]
[WhiteElo "1324"]
[BlackElo "1483"]

1. e4 c6 2. d4 d5 3. Nc3 dxe4 4. Nxe4 Bf5 5. Ng3 Bg6 6. h4 h6 7. Nh3 e6 8. Nf4
Bh7 9. Bc4 Nf6 10. c3 Bd6 11. O-O Qc7 12. Ngh5 Nxh5 13. Nxh5 O-O 14. Qg4 Bg6 15.
f4 Bxh5 16. Qxh5 Nd7 17. Bd2 Nf6 18. Qf3 c5 19. d5 exd5 20. Bxd5 Nxd5 21. Qxd5
Rad8 22. Qh5 c4 23. Be3 Rfe8 24. Rae1 Rxe3 25. Rxe3 Bc5 26. Rfe1 Rd3 27. Qf3 Qb6
28. Kf2 Qxb2+ 29. Kg3 Bxe3 30. Rxe3 Qxc3 31. Rxd3 cxd3 32. Qe3 Qc4 33. Qd2 Qc2
0-1

[Event "POLFINAL MISTRZOSTW POLSKI JUNIOROW 2019 - C13"]
[Site "Ustron"]
[Date "1899-12-30"]
[Round "4.12"]
[White "Bogusz, Alan"]
[Black "Stefaniuk, Zbigniew"]
[Result "1/2-1/2"]
[WhiteTitle "I"]
[BlackTitle "II"]
[WhiteElo "1878"]
[BlackElo "1446"]

1. e4 c5 2. Nc3 Nc6 3. Nf3 e6 4. d4 cxd4 5. Nxd4 Nf6 6. Nxc6 bxc6 7. Bd3 d5 8.
Qe2 Bb4 9. Bd2 O-O 10. O-O dxe4 11. Nxe4 Bxd2 12. Nxd2 Bb7 13. Rad1 Qc7 14. Ne4
Qe7 15. Qf3 Nxe4 16. Bxe4 Qc7 17. Qd3 f5 18. Bf3 Rad8 19. Qc4 Qf7 20. Rfe1 Rxd1
21. Rxd1 e5 22. Qxf7+ Rxf7 23. Rd8+ Rf8 24. Rd7 Rf7 25. Rd6 Rf6 26. Rxf6 gxf6
27. g3 Kf7 28. Kf1 Ke7 29. Ke1 Kd6 30. Kd2 Bc8 31. Be2 Be6 32. Kc3 c5 33. Bc4
Bd7 34. Kd3 Bc6 35. Ke3 a5 36. a3 Be8 37. c3 Kc7 38. Be6 Bg6 39. c4 Kd6 40. Bd5
Kc7 41. Be6 1/2-1/2

[Event "POLFINAL MISTRZOSTW POLSKI JUNIOROW 2019 - C13"]
[Site "Ustron"]
[Date "1899-12-30"]
[Round "4.13"]
[White "Rylski, Tadeusz"]
[Black "Jendrowiak, Maciej"]
[Result "1-0"]
[WhiteTitle "II+"]
[BlackTitle "II"]
[WhiteElo "1680"]
[BlackElo "1472"]

1. d4 c6 2. c4 d5 3. cxd5 cxd5 4. Bf4 Nf6 5. Nc3 e6 6. e3 a6 7. Bd3 Be7 8. Nf3
Nc6 9. O-O Nh5 10. Bg3 Nxg3 11. fxg3 O-O 12. Rc1 f6 13. Qb3 Na5 14. Qc2 f5 15.
Ne2 Nc6 16. a3 Bd6 17. b4 Bd7 18. Nc3 Rc8 19. Qa2 Kh8 20. Na4 Bxb4 21. axb4 Nxb4
22. Rxc8 Qxc8 23. Qa3 Nxd3 24. Nb6 Qd8 25. Nxd7 Rf7 26. Qxd3 Rxd7 27. Ne5 Rc7
28. Qd1 Kg8 29. g4 Qg5 30. Qb3 g6 31. gxf5 gxf5 32. Rf3 Rg7 33. Rg3 Qf6 34. Qxb7
Rxg3 35. hxg3 Qd8 36. Qf7+ Kh8 37. Qxe6 1-0

[Event "POLFINAL MISTRZOSTW POLSKI JUNIOROW 2019 - C13"]
[Site "Ustron"]
[Date "1899-12-30"]
[Round "4.14"]
[White "Grzybek, Mikolaj"]
[Black "Madajczak, Piotr"]
[Result "1/2-1/2"]
[WhiteTitle "II"]
[BlackTitle "I"]
[WhiteElo "1382"]
[BlackElo "1676"]

1. e4 d5 2. exd5 Qxd5 3. Nc3 Qd6 4. Bc4 Nf6 5. h3 c6 6. Nf3 Bf5 7. d3 e6 8. O-O
Be7 9. Re1 O-O 10. Nh4 Bg6 11. Nxg6 hxg6 12. Bg5 Nbd7 13. Ne2 b5 14. Bb3 Nc5 15.
Ng3 a5 16. d4 Nxb3 17. axb3 a4 18. c3 axb3 19. Qxb3 Qd5 20. Qxd5 cxd5 21. b4 Rfc8
22. Rxa8 Rxa8 23. Rc1 Kf8 24. Bxf6 Bxf6 25. Kf1 Rc8 26. Ne2 Ke7 27. Ke1 e5 28.
dxe5 Bxe5 29. Kd2 Ra8 30. g3 g5 31. Rc2 Ke6 32. Kd3 Ra1 33. Rc1 Ra2 34. Rc2 Ra8
35. Nc1 Ra3 36. Ne2 Kd6 37. Rc1 Ra8 38. Rc2 g6 39. Nc1 1/2-1/2

[Event "POLFINAL MISTRZOSTW POLSKI JUNIOROW 2019 - C13"]
[Site "Ustron"]
[Date "1899-12-30"]
[Round "4.15"]
[White "Wolski, Michal"]
[Black "Kultucki, Kamil"]
[Result "1-0"]
[WhiteTitle "II"]
[BlackTitle "II"]
[WhiteElo "1584"]
[BlackElo "1345"]

1. d4 Nf6 2. c4 g6 3. Nc3 Bg7 4. e4 d6 5. Nf3 O-O 6. Be2 Nbd7 7. O-O e5 8. d5 a5
9. Be3 Nc5 10. Qc2 Nfd7 11. Nd2 f5 12. f3 f4 13. Bf2 Kh8 14. Nb3 h5 15. Nxc5 Nxc5
16. a3 h4 17. b4 Na6 18. Rab1 h3 19. g3 fxg3 20. Bxg3 Bh6 21. Nd1 Bf4 22. Bxf4
Rxf4 23. Kh1 Qh4 24. c5 axb4 25. axb4 g5 26. Ne3 Qh6 27. c6 bxc6 28. Qxc6 Rb8
29. Bxa6 Rb6 30. Qxc7 Bxa6 31. Qxb6 Bxf1 32. Rxf1 Qf8 33. Nf5 g4 34. Qf2 gxf3
35. Qg3 Rxe4 36. Qxh3+ Kg8 37. Rg1+ Kf7 38. Qh5+ Kf6 39. Qg6# 1-0

[Event "POLFINAL MISTRZOSTW POLSKI JUNIOROW 2019 - C13"]
[Site "Ustron"]
[Date "1899-12-30"]
[Round "4.16"]
[White "Kotowicz, Kamil"]
[Black "Taranowicz, Michal"]
[Result "1-0"]
[WhiteTitle "II"]
[BlackTitle "I"]
[WhiteElo "1512"]
[BlackElo "1560"]

1. d4 Nf6 2. c4 g6 3. Nc3 Bg7 4. e4 d6 5. Bg5 h6 6. Bh4 O-O 7. Be2 Nbd7 8. f4 c5
9. d5 Qa5 10. Qd2 a6 11. Nf3 Rb8 12. O-O b5 13. e5 b4 14. Nd1 Ne4 15. Qd3 f5 16.
Bxe7 Re8 17. exd6 Qb6 18. Rb1 Nxd6 19. Bxd6 Qxd6 20. g3 Nf6 21. Nf2 Ne4 22. Qc2
Bb7 23. Bd3 Bc8 24. Nxe4 fxe4 25. Bxe4 Rxe4 26. Qxe4 Bf5 27. Qe2 Bxb1 28. Rxb1
Qf6 29. b3 g5 30. fxg5 hxg5 31. Qe6+ Qxe6 32. dxe6 g4 33. Ng5 Bf6 34. h4 Bxg5
35. hxg5 Re8 36. Re1 Kg7 37. Kf2 Kg6 38. Re5 Kg7 39. Ke3 Kf8 40. e7+ 1-0

[Event "POLFINAL MISTRZOSTW POLSKI JUNIOROW 2019 - C13"]
[Site "Ustron"]
[Date "1899-12-30"]
[Round "4.17"]
[White "Sputowski, Jakub"]
[Black "Katny, Samuel"]
[Result "1-0"]
[WhiteTitle "I"]
[BlackTitle "II"]
[WhiteElo "1655"]
[BlackElo "1335"]

1. e4 e5 2. Nf3 Nc6 3. d4 exd4 4. Nxd4 Nxd4 5. Qxd4 d6 6. Nc3 Nf6 7. Bd2 Be7 8.
f3 O-O 9. O-O-O Be6 10. g4 Nd7 11. Nd5 Bh4 12. Be2 Nf6 13. Nf4 Nd7 14. Nxe6 fxe6
15. f4 Kh8 16. Qe3 e5 17. f5 h6 18. Rhg1 Bg5 19. Qg3 Nc5 20. Qg2 Bxd2+ 21. Rxd2
Qg5 22. Bd3 Nxd3+ 23. cxd3 Qh4 24. Rf1 Kg8 25. Rf3 Rac8 26. Rh3 Qf6 27. Rh5 c5
28. g5 hxg5 29. Rxg5 c4 30. Rg6 cxd3+ 31. Kb1 Qe7 32. Rxd3 Rf6 33. Qh3 Qc7 34.
Rc3 Qd8 35. Rcg3 Rc7 36. Qh4 Rcf7 37. Rh6 Rf8 38. Rh8+ Kf7 39. Rxg7+ Ke8 40. Qh5+
R6f7 41. Qxf7# 1-0

[Event "POLFINAL MISTRZOSTW POLSKI JUNIOROW 2019 - C13"]
[Site "Ustron"]
[Date "1899-12-30"]
[Round "4.18"]
[White "Kubik, Rafal"]
[Black "Rzepka, Marcin"]
[Result "1-0"]
[WhiteTitle "II+"]
[BlackTitle "II"]
[WhiteElo "1552"]
[BlackElo "1323"]

1. d4 c5 2. c3 cxd4 3. cxd4 g6 4. Nf3 d5 5. Nc3 Nf6 6. h3 Nc6 7. Bf4 a6 8. e3 Bg7
9. Bd3 O-O 10. O-O Bd7 11. Rc1 Rc8 12. Bb1 Na5 13. b3 b5 14. Ne5 Nc6 15. Nd3 Bf5
16. Nc5 Bxb1 17. Nxb1 a5 18. Nc3 Qb6 19. Qd3 Na7 20. Be5 Rfd8 21. a4 b4 22. Ne2
Rc6 23. Rc2 Rdc8 24. Rfc1 e6 25. Bxf6 Bxf6 26. Nd7 Qd8 27. Nxf6+ Qxf6 28. Rxc6
Rxc6 29. Rxc6 Nxc6 30. Qa6 e5 31. dxe5 Qe6 32. Qa8+ Kg7 33. Nd4 Nxd4 34. exd4
1-0

[Event "POLFINAL MISTRZOSTW POLSKI JUNIOROW 2019 - C13"]
[Site "Ustron"]
[Date "1899-12-30"]
[Round "4.19"]
[White "Marek, Grzegorz"]
[Black "Zimny, Jakub"]
[Result "0-1"]
[WhiteTitle "II"]
[BlackTitle "II"]
[WhiteElo "1302"]
[BlackElo "1510"]

1. e4 c5 2. Nf3 d6 3. d4 Nf6 4. Nc3 cxd4 5. Nxd4 a6 6. Bg5 Nbd7 7. Qd2 h6 8. Bh4
b5 9. Bd3 Qb6 10. Nb3 Bb7 11. f3 Rc8 12. Bf2 Qc7 13. O-O g6 14. Rfc1 Bg7 15. Nd1
Nb6 16. Na5 d5 17. Nxb7 Qxb7 18. Qe2 dxe4 19. fxe4 O-O 20. e5 Nfd5 21. e6 f5 22.
Qf3 Rfd8 23. g4 Nc4 24. Bxc4 Rxc4 25. gxf5 Rf4 26. Qg2 Rxf5 27. Kh1 Rg5 28. Qe4
Rf8 29. Bg1 Qc8 30. c3 Re5 31. Qg2 Qc4 32. Nf2 Ne3 33. Qb7 Nd5 34. Re1 Qf4 35.
Kg2 Qf3+ 0-1

[Event "POLFINAL MISTRZOSTW POLSKI JUNIOROW 2019 - C13"]
[Site "Ustron"]
[Date "1899-12-30"]
[Round "4.20"]
[White "Klisowski, Bartosz"]
[Black "Fojcik, Kacper"]
[Result "1/2-1/2"]
[WhiteTitle "II"]
[BlackTitle "II"]
[WhiteElo "1434"]
[BlackElo "1286"]

1. Nf3 d6 2. g3 e5 3. d3 g6 4. c4 Bg7 5. Nc3 f5 6. Bg2 Nf6 7. Bg5 h6 8. Bxf6 Bxf6
9. Nd2 O-O 10. Qb3 c6 11. c5+ Kh7 12. cxd6 Qxd6 13. Nc4 Qe7 14. O-O Be6 15. Qa3
Qxa3 16. Nxa3 Nd7 17. Rfd1 Nb6 18. Nc2 Rfd8 19. e3 Nd5 20. Nxd5 Bxd5 21. Bxd5
Rxd5 22. Rd2 Rad8 23. Rad1 Kg7 24. Kf1 e4 25. d4 Be7 26. a3 Kf7 27. Ke2 Rb5 28.
Ne1 Rbd5 29. Nc2 Rb5 30. Ne1 Rbd5 1/2-1/2

[Event "POLFINAL MISTRZOSTW POLSKI JUNIOROW 2019 - C13"]
[Site "Ustron"]
[Date "1899-12-30"]
[Round "4.24"]
[White "Garwacki, Kornel"]
[Black "Pancewicz, Szymon"]
[Result "1/2-1/2"]
[WhiteTitle "II"]
[BlackTitle "I+"]
[WhiteElo "1207"]
[BlackElo "1764"]

1. e4 c5 2. Nf3 Nc6 3. d4 cxd4 4. Nxd4 Nf6 5. Nc3 e5 6. Nb3 Bb4 7. Bd3 O-O 8. Bd2
Bxc3 9. Bxc3 d5 10. f3 dxe4 11. fxe4 Nxe4 12. Qf3 Nxc3 13. bxc3 Qb6 14. O-O-O
Be6 15. g4 a5 16. h4 Bxb3 17. h5 Ne7 18. cxb3 Rac8 19. Kb2 a4 20. Rdg1 a3+ 21.
Ka1 Qc5 22. Rc1 Rc6 23. g5 b5 24. Be4 Rd6 25. Rcf1 b4 26. Rc1 bxc3 27. Rxc3 Qd4
28. Rf1 Nd5 29. Bxd5 Rxd5 30. Kb1 Rc5 31. Rfc1 Rfc8 32. Rf1 1/2-1/2

[Event "POLFINAL MISTRZOSTW POLSKI JUNIOROW 2019 - C13"]
[Site "Ustron"]
[Date "1899-12-30"]
[Round "4.25"]
[White "Sidlo, Szymon"]
[Black "Borowik, Karol"]
[Result "1-0"]
[WhiteTitle "II"]
[BlackTitle "II"]
[WhiteElo "1244"]
[BlackElo "1224"]

1. e4 c5 2. Nf3 d6 3. d4 cxd4 4. Nxd4 Nf6 5. Nc3 a6 6. Be2 e5 7. Nf3 Be7 8. a4
h6 9. h3 Be6 10. Be3 Qc7 11. Qd2 Nbd7 12. Bd3 d5 13. exd5 Nxd5 14. Nxd5 Bxd5 15.
Bf5 Bxf3 16. Qxd7+ Qxd7 17. Bxd7+ Kxd7 18. gxf3 Bf6 19. O-O-O Kc6 20. Rd3 b6 21.
Rc3+ Kb7 22. Rb3 Bd8 23. Bxb6 Kc6 24. Bxd8 Raxd8 25. Re1 Rhe8 26. Re4 Rd4 27.
Rd3 Rxd3 28. cxd3 f5 29. Rc4+ Kb6 30. b4 Re7 31. Kd2 Rd7 32. Kc3 Re7 33. Kd2 Re6
34. Ke3 g5 35. Rc5 Re7 36. d4 exd4+ 37. Kxd4 Re1 38. Rxf5 Rd1+ 39. Kc3 Rc1+ 40.
Kd2 Rc6 41. f4 gxf4 42. Rxf4 Rd6+ 43. Ke3 Rc6 44. Rd4 Rc3+ 45. Rd3 Rc4 46. Rd6+
Kb7 47. b5 Rxa4 48. bxa6+ Ka7 49. Rxh6 Ra5 50. h4 Rf5 51. h5 Rf7 52. Rg6 Re7+
53. Kf3 Ka8 54. h6 Kb8 55. Rg7 Re8 56. h7 Ka8 57. Rg8 1-0

[Event "POLFINAL MISTRZOSTW POLSKI JUNIOROW 2019 - C13"]
[Site "Ustron"]
[Date "1899-12-30"]
[Round "4.26"]
[White "Gibas, Aleksander"]
[Black "Turowski, Maciej"]
[Result "1-0"]
[WhiteTitle "III"]
[BlackTitle "II"]
[WhiteElo "1010"]
[BlackElo "1244"]

1. e4 Nf6 2. e5 Nd5 3. c3 Nc6 4. d4 d6 5. exd6 cxd6 6. Bd3 g6 7. Ne2 Bg7 8. O-O
O-O 9. Nd2 e5 10. Nb3 Kh8 11. Be4 Nb6 12. Bxc6 bxc6 13. Be3 Nd5 14. Qd2 Ba6 15.
Rfe1 f5 16. dxe5 Nxe3 17. Qxe3 Bxe5 18. Ned4 f4 19. Qf3 Qh4 20. Qxc6 f3 21. g3
Qg4 22. Qxa6 Rf5 23. Nxf5 gxf5 24. Rxe5 dxe5 25. Qf6+ Kg8 26. Qh4 Qg6 27. Rd1
e4 28. Rd8+ Rxd8 29. Qxd8+ Kg7 30. Qe7+ Kg8 31. Qh4 Kg7 32. Nd4 a5 33. Qe7+ Kh6
34. Qf8+ Kg5 35. h3 a4 36. Qxf5+ Qxf5 37. Nxf5 Kxf5 38. Kf1 h5 39. Ke1 Ke5 40.
Kd2 h4 41. gxh4 Kf4 42. Ke1 Ke5 43. b3 a3 44. h5 Kf5 45. h4 Kf6 46. Kd2 Kf5 47.
Ke3 Kg4 48. h6 Kf5 49. h7 Ke5 50. h8=Q+ Kf5 51. Qh5+ Ke6 52. Kxe4 Kf6 53. Qh6+
Ke7 54. Qg6 Kd7 55. Qf6 Ke8 56. Qg7 Kd8 57. h5 Kc8 58. h6 Kb8 59. h7 Ka8 60. h8=R#
1-0

[Event "POLFINAL MISTRZOSTW POLSKI JUNIOROW 2019 - C13"]
[Site "Ustron"]
[Date "1899-12-30"]
[Round "4.27"]
[White "Pojawa, Jakub"]
[Black "Dutka, Jan"]
[Result "1-0"]
[WhiteTitle "II"]
[BlackTitle "III"]
[WhiteElo "1231"]
[BlackElo "1033"]

1. d4 d5 2. c4 dxc4 3. Nc3 Nf6 4. Bg5 h6 5. Bh4 Nc6 6. d5 Ne5 7. Bg3 Ng6 8. e4
e6 9. Bxc4 exd5 10. Nxd5 Bd6 11. Nxf6+ Qxf6 12. Bb5+ Ke7 13. Bxd6+ cxd6 14. Rc1
Kd8 15. Qc2 Qe7 16. Ne2 a6 17. Qa4 Bd7 18. Qa5+ Ke8 19. Bxd7+ Qxd7 20. Qc7 Qxc7
21. Rxc7 b5 22. O-O Ne5 23. Rfc1 Nc4 24. b3 Nb6 25. R1c6 Rb8 26. Rxb6 Rxb6 27.
Rc8+ Kd7 28. Rxh8 Ke6 29. Rc8 d5 30. exd5+ Kxd5 31. f3 Re6 32. Nf4+ 1-0

[Event "POLFINAL MISTRZOSTW POLSKI JUNIOROW 2019 - C13"]
[Site "Ustron"]
[Date "1899-12-30"]
[Round "5.1"]
[White "Wojdak, Jan"]
[Black "Wieczorek, Mikolaj"]
[Result "1-0"]
[WhiteTitle "I++"]
[BlackTitle "I"]
[WhiteElo "2062"]
[BlackElo "1792"]

1. e4 c5 2. Nf3 Nc6 3. d4 cxd4 4. Nxd4 Nf6 5. Nc3 d6 6. Bc4 e5 7. Nde2 Be7 8. O-O
O-O 9. Be3 Na5 10. Bd5 Nxd5 11. Nxd5 Be6 12. Nec3 Nc4 13. b3 Nxe3 14. Nxe3 Rc8
15. Ncd5 Bg5 16. c4 g6 17. Kh1 Bxe3 18. Nxe3 f5 19. exf5 gxf5 20. f4 e4 21. Qd4
Qf6 22. Qxf6 Rxf6 23. Rad1 Rc6 24. Rd2 h5 25. Rfd1 Bf7 26. Nc2 Ra6 27. Nb4 Rb6
28. Nc2 Ra6 29. a4 Rb6 30. Nd4 Rb4 31. Re1 b6 32. h3 d5 33. cxd5 b5 34. Nc6 Rxb3
35. d6 Be8 36. d7 Bxd7 37. Ne7+ Kf7 38. Rxd7 Ke8 39. Rxa7 Rf7 40. Nc6 Rxa7 41.
Nxa7 bxa4 42. Nc6 a3 43. Ra1 h4 44. Nd4 Rd3 45. Nxf5 Kd7 46. Kg1 Kc6 47. Nxh4
Kb5 48. f5 Kb4 49. f6 Rd7 50. g4 Kb3 51. Kf2 Kb2 52. Rxa3 Kxa3 53. Ke3 Kb4 54.
g5 Rh7 55. Nf5 Kc5 56. g6 Rxh3+ 57. Kxe4 Rh1 58. f7 Kd5+ 1-0